MARC details
| 000 -CABECERA |
| campo de control de longitud fija |
02661nam a2200325 i 4500 |
| 001 - NÚMERO DE CONTROL |
| campo de control |
000043838 |
| 003 - IDENTIFICADOR DEL NÚMERO DE CONTROL |
| campo de control |
DO-SdBNP |
| 005 - FECHA Y HORA DE LA ÚLTIMA TRANSACCIÓN |
| campo de control |
20241206085813.0 |
| 007 - CAMPO FIJO DE DESCRIPCIÓN FÍSICA--INFORMACIÓN GENERAL |
| campo de control de longitud fija |
ta |
| 008 - DATOS DE LONGITUD FIJA--INFORMACIÓN GENERAL |
| campo de control de longitud fija |
140506s2003 dr a r 001 0 spa d |
| 040 ## - FUENTE DE LA CATALOGACIÓN |
| Centro catalogador/agencia de origen |
DO-SdBNP |
| Lengua de catalogación |
spa |
| Centro/agencia transcriptor |
BNPHU |
| 041 ## - CÓDIGO DE LENGUA |
| Código de lengua del texto/banda sonora o título independiente |
spa |
| 082 #4 - NÚMERO DE LA CLASIFICACIÓN DECIMAL DEWEY |
| Número de clasificación |
362.8292 |
| Número de documento/Ítem |
R426m 2003 |
| Número de edición |
22 |
| 110 1# - ENTRADA PRINCIPAL--NOMBRE DE ENTIDAD CORPORATIVA |
| Nombre de entidad corporativa o nombre de jurisdicción como elemento de entrada |
República Dominicana. |
| Unidad subordinada |
Secretaría de Estado de la Mujer |
| 9 (RLIN) |
38238 |
| 245 00 - MENCIÓN DE TÍTULO |
| Título |
Modelo nacional para la prevención y atención de la violencia intrafamiliar. |
| 250 ## - MENCIÓN DE EDICIÓN |
| Mención de edición |
2a. ed. |
| 264 #1 - PRODUCCIÓN, PUBLICACIÓN, DISTRIBUCIÓN, FABRICACIÓN Y COPYRIGHT |
| Producción, publicación, distribución, fabricación y copyright |
Santo Domingo : |
| Nombre del de productor, editor, distribuidor, fabricante |
Secretaría de Estado de la Mujer, |
| Fecha de producción, publicación, distribución, fabricación o copyright |
2003. |
| 300 ## - DESCRIPCIÓN FÍSICA |
| Extensión |
80 páginas : |
| Otras características físicas |
ilustraciones, tablas ; |
| Dimensiones |
28 cm. |
| 336 ## - TIPO DE CONTENIDO |
| Término de tipo de contenido |
texto |
| Código de tipo de contenido |
txt |
| Fuente |
rdacontent |
| 337 ## - TIPO DE MEDIO |
| Nombre/término del tipo de medio |
sin mediación |
| Código del tipo de medio |
n |
| Fuente |
rdamedia |
| 338 ## - TIPO DE SOPORTE |
| Nombre/término del tipo de soporte |
volumen |
| Código del tipo de soporte |
nc |
| Fuente |
rdacarrier |
| 500 ## - NOTA GENERAL |
| Nota general |
Primera y segunda jornada de trabajo 25-26, 31 de mayo 2001 respectivamente. |
| 505 0# - NOTA DE CONTENIDO CON FORMATO |
| Nota de contenido con formato |
Introducciones involucradas en el modelo -- |
| Título |
Presentación -- |
| -- |
Introducción -- |
| -- |
Marco conceptual del modelo de atención -- |
| -- |
Un enfoque conceptual común que facilite sentir, prevenir y enfrentar la violencia intrafamiliar -- |
| -- |
La violencia en las familias -- |
| -- |
Tipos de violencia intrafamiliar contra personas menores de edad -- |
| -- |
Violencia y los ciclos vitales de agresión, los ciclos de la violencia -- |
| -- |
El impacto de la violencia intrafamiliar en la vida de las personas afectadas -- |
| -- |
No enfrentar el problema de la violencia intrafamiliar implica grandes costos para la sociedad -- El modelo nacional de prevención -- |
| -- |
Principios orientadores del modelo de prevención y atención de la violencia intrafamiliar -- |
| -- |
Visión estratégica del modelo -- |
| -- |
Objetivos del método -- |
| -- |
Población meta del modelo -- |
| -- |
Definición de atención integral a la violencia intrafamiliar que se promueve en este modelo -- |
| -- |
Características de la atención integral a la violencia intrafamiliar que se promueve en este modelo -- |
| -- |
Tareas fundamentales de la atención a la violencia intrafamiliar en el marco de este modelo -- |
| -- |
Implementación del modelo nacional de prevención y atención -- |
| -- |
Propuesta de organización para el abordaje de los conflictos -- |
| -- |
Organización del modelo de prevención y atención -- |
| -- |
Estructura macro del modelo -- |
| -- |
Estructura micro del modelo -- |
| -- |
Algunas tareas que pueden ayudar a consolidar y garantizar la permanencia del modelo. |
| 590 ## - NOTA LOCAL (RLIN) |
| Nota local |
Inventariado, 2018/BT |
| 650 #7 - PUNTO DE ACCESO ADICIONAL DE MATERIA--TÉRMINO DE MATERIA |
| Término de materia o nombre geográfico como elemento de entrada |
Violencia familiar |
| Subdivisión geográfica |
República Dominicana |
| 9 (RLIN) |
71703 |
| Fuente del encabezamiento o término |
LEMB |
| 650 #7 - PUNTO DE ACCESO ADICIONAL DE MATERIA--TÉRMINO DE MATERIA |
| Término de materia o nombre geográfico como elemento de entrada |
Familias con problemas |
| Subdivisión geográfica |
República Dominicana |
| 9 (RLIN) |
11762 |
| Fuente del encabezamiento o término |
LEMB |
| 710 1# - PUNTO DE ACCESO ADICIONAL--NOMBRE DE ENTIDAD CORPORATIVA |
| Nombre de entidad corporativa o nombre de jurisdicción como elemento de entrada |
República Dominicana. |
| Unidad subordinada |
Secretaría de Estado de la Mujer |
| 9 (RLIN) |
38238 |
| 910 ## - DATOS DE OPCIÓN DEL USUARIO (OCLC) |
| Datos de opción del usuario |
Validado. Control de calidad. EMS |
| 942 ## - ELEMENTOS DE PUNTO DE ACCESO ADICIONAL (KOHA) |
| Fuente del sistema de clasificación o colocación |
Dewey Decimal Classification |
| Tipo de ítem Koha |
Libro |